000 00514nam a2200145Ia 4500
008 100122s9999 xx 000 0 und d
082 _b67765
_a361.55
100 _aधाराशिवकर मुकुंद
245 _aदुष्काळ भेडसावतोय?
260 _bमनोविकास प्रकाशन
_c2005
300 _a174
630 _aदुष्काळ भेडसावतोय?
730 _aदुष्काळ भेडसावतोय?
942 _cBOOK
999 _c439604
_d439601